| 000 | 01171nam0a22002891 4500 | ||
|---|---|---|---|
| 001 | rc\1907157 | ||
| 005 | 20260406135636.0 | ||
| 035 | _a(NLR Aleph) 005290676 | ||
| 090 |
_a6186979 _c6186979 |
||
| 100 | _a20080404d1911 |||y0rusy50 ca | ||
| 101 | 0 | _arus | |
| 102 | _aRU | ||
| 105 | _ay z ||||| | ||
| 200 | 1 |
_aИван Андреевич Крылов _eЕго жизнь и соч. _eСб. ист.-лит. ст. _fСост. В.[И.] Покровский |
|
| 205 | _a3-е изд., доп. | ||
| 210 |
_aМосква _cтип. Г. Лисснера и Д. Собко _d1911 |
||
| 215 |
_a[4], 200 с. _d26 |
||
| 700 | 1 |
_4220 _8rus _7ca _aПокровский _bВ. И. _f19 в. _cисторик литературы _gВасилий Иванович _3RU\NLR\AUTH\7750855 _933789 |
|
| 702 | 1 |
_4570 _8rus _7ca _aКрылов _bИ. А. _cбаснописец _f1769-1844 _gИван Андреевич _3RU\NLR\AUTH\772707 _9112715 |
|
| 801 | 0 |
_aRU _bNLR _c20080404 _gpsbo |
|
| 801 | 0 |
_aRU _bRuMoRGB _c20080404 _2psbo |
|
| 801 | 1 |
_aRU _bProSoft-M _c20080404 _2rusmarc |
|
| 801 | 2 |
_aRU _bNLR _c20130401 _2rusmarc |
|
| 852 |
_aNLR _j38.15.7.58 |
||
| 852 |
_aNLR _j127/2274 |
||
| 942 | _cBOOK | ||
| 980 | _aNB | ||